„Dein Wort ist meinem Fuß eine Leuchte“: Festschrift für Ludger Schwienhorst-Schönberger
| Contributors: | ; ; ; |
|---|---|
| Format: | Print Book |
| Language: | German |
| Subito Delivery Service: | Order now. |
| Check availability: | HBZ Gateway |
| WorldCat: | WorldCat |
| Interlibrary Loan: | Interlibrary Loan for the Fachinformationsdienste (Specialized Information Services in Germany) |
| Published: |
Freiburg Basel Wien
Herder
[2022]
|
| In: | Year: 2022 |
| Volumes / Articles: | Show volumes/articles. |
| Standardized Subjects / Keyword chains: | B
Bible
/ Exegesis
/ Theology
B Schwienhorst-Schönberger, Ludger 1957- B Bible / Hermeneutics / History B Old Testament / Theology |
| IxTheo Classification: | HA Bible |
| Further subjects: | B
Festschrift
B Schwienhorst-Schönberger, Ludger 1957- |
| Online Access: |
Inhaltstext (Publisher) Table of Contents Blurb |
MARC
| LEADER | 00000cam a2200000 c 4500 | ||
|---|---|---|---|
| 001 | 1799601439 | ||
| 003 | DE-627 | ||
| 005 | 20251226201931.0 | ||
| 007 | tu | ||
| 008 | 220413s2022 gw ||||| 00| ||ger c | ||
| 015 | |a 22,N15 |2 dnb | ||
| 016 | 7 | |a 1255092203 |2 DE-101 | |
| 020 | |a 9783451391965 |c : EUR 58.00 (DE), EUR 59.70 (AT), CHF 78.00 (freier Preis) |9 978-3-451-39196-5 | ||
| 020 | |a 3451391961 |9 3-451-39196-1 | ||
| 024 | 3 | |a 9783451391965 | |
| 035 | |a (DE-627)1799601439 | ||
| 035 | |a (DE-599)DNB1255092203 | ||
| 035 | |a (OCoLC)1310644687 | ||
| 040 | |a DE-627 |b ger |c DE-627 |e rda | ||
| 041 | |a ger | ||
| 044 | |c XA-DE-BW | ||
| 082 | 0 | |a 220.6 |q DE-101 | |
| 082 | 0 | 4 | |a 220 |q DE-101 |
| 084 | |a 1 |2 ssgn | ||
| 084 | |a BC 7600 |2 rvk |0 (DE-625)rvk/9686: | ||
| 084 | |a 11.34 |2 bkl | ||
| 084 | |a 11.36 |2 bkl | ||
| 084 | |a 11.50 |2 bkl | ||
| 245 | 0 | 0 | |a „Dein Wort ist meinem Fuß eine Leuchte“ |b Festschrift für Ludger Schwienhorst-Schönberger |c herausgegeben von Georg Braulik, Agnethe Siquans und Jan-Heiner Tück |
| 264 | 1 | |a Freiburg |a Basel |a Wien |b Herder |c [2022] | |
| 264 | 4 | |c © 2022 | |
| 300 | |a 392 Seiten |b 1 Porträt |c 22.7 cm x 15.1 cm | ||
| 336 | |a Text |b txt |2 rdacontent | ||
| 337 | |a ohne Hilfsmittel zu benutzen |b n |2 rdamedia | ||
| 338 | |a Band |b nc |2 rdacarrier | ||
| 500 | |a Bilbiographie Ludger Schwienhorst-Schönberger: Seite 377-392 | ||
| 583 | 1 | |a Archivierung/Langzeitarchivierung gewährleistet |f FID |x XA-DE-BW |2 pdager |5 DE-21 | |
| 583 | 1 | |a Archivierung/Langzeitarchivierung gewährleistet |f PEBW |x XA-DE-BW |2 pdager |5 DE-31 | |
| 601 | |a Festschrift | ||
| 652 | |a HA | ||
| 655 | 7 | |a Festschrift |0 (DE-588)4016928-5 |0 (DE-627)104400986 |0 (DE-576)208917802 |2 gnd-content | |
| 689 | 0 | 0 | |d u |0 (DE-588)4006406-2 |0 (DE-627)106377604 |0 (DE-576)208865497 |a Bibel |2 gnd |
| 689 | 0 | 1 | |d s |0 (DE-588)4015950-4 |0 (DE-627)104675314 |0 (DE-576)20891434X |2 gnd |a Exegese |
| 689 | 0 | 2 | |d s |0 (DE-588)4059758-1 |0 (DE-627)104131446 |0 (DE-576)209132159 |2 gnd |a Theologie |
| 689 | 0 | |5 DE-101 | |
| 689 | 1 | 0 | |d p |0 (DE-588)112088961 |0 (DE-627)50302693X |0 (DE-576)166713503 |2 gnd |a Schwienhorst-Schönberger, Ludger |d 1957- |
| 689 | 1 | |5 DE-101 | |
| 689 | 2 | 0 | |d u |0 (DE-588)4006406-2 |0 (DE-627)106377604 |0 (DE-576)208865497 |a Bibel |2 gnd |
| 689 | 2 | 1 | |d s |0 (DE-588)4015950-4 |0 (DE-627)104675314 |0 (DE-576)20891434X |2 gnd |a Exegese |
| 689 | 2 | 2 | |d s |0 (DE-588)4059758-1 |0 (DE-627)104131446 |0 (DE-576)209132159 |2 gnd |a Theologie |
| 689 | 2 | |5 (DE-627) | |
| 689 | 3 | 0 | |d u |0 (DE-588)4006406-2 |0 (DE-627)106377604 |0 (DE-576)208865497 |a Bibel |2 gnd |
| 689 | 3 | 1 | |d s |0 (DE-588)4128972-9 |0 (DE-627)105713252 |0 (DE-576)209606614 |2 gnd |a Hermeneutik |
| 689 | 3 | 2 | |q z |2 gnd |a Geschichte |
| 689 | 3 | |5 (DE-627) | |
| 689 | 4 | 0 | |d u |0 (DE-588)4001515-4 |0 (DE-627)104603666 |0 (DE-576)208843116 |a Bibel |2 gnd |p Altes Testament |
| 689 | 4 | 1 | |d s |0 (DE-588)4059758-1 |0 (DE-627)104131446 |0 (DE-576)209132159 |2 gnd |a Theologie |
| 689 | 4 | |5 (DE-627) | |
| 700 | 1 | |e HerausgeberIn |0 (DE-588)115582606 |0 (DE-627)077343107 |0 (DE-576)160409179 |4 edt |a Braulik, Georg |d 1941- | |
| 700 | 1 | |e HerausgeberIn |0 (DE-588)123309085 |0 (DE-627)082476098 |0 (DE-576)184993849 |4 edt |a Siquans, Agnethe |d 1971- | |
| 700 | 1 | |e HerausgeberIn |0 (DE-588)120868385 |0 (DE-627)080936652 |0 (DE-576)180379968 |4 edt |a Tück, Jan-Heiner |d 1967- | |
| 700 | 1 | |e GefeierteR |0 (DE-588)112088961 |0 (DE-627)50302693X |0 (DE-576)166713503 |4 hnr |a Schwienhorst-Schönberger, Ludger |d 1957- | |
| 856 | 4 | 2 | |u http://deposit.dnb.de/cgi-bin/dokserv?id=d32f59d610ca49be9b75eda14f7062c6&prov=M&dok_var=1&dok_ext=htm |m X:MVB |q text/html |v 2022-04-13 |x Verlag |3 Inhaltstext |7 1 |
| 856 | 4 | 2 | |u https://swbplus.bsz-bw.de/bsz1799601439inh.htm |m V:DE-576 |m B:DE-21 |v 20220727194059 |3 Inhaltsverzeichnis |7 1 |
| 856 | 4 | 2 | |u https://swbplus.bsz-bw.de/bsz1799601439kla.htm |m V:DE-576 |m B:DE-21 |v 20220727194059 |3 Klappentext |7 1 |
| 935 | |a mteo |a GIRA |a BIIN | ||
| 936 | r | v | |a BC 7600 |b Festschriften für Personen |k Theologie und Religionswissenschaften |k Bibelwissenschaft |k Biblische Theologie |k Sammelwerke |k Festschriften |k Festschriften für Personen |0 (DE-627)1270713264 |0 (DE-625)rvk/9686: |0 (DE-576)200713264 |
| 936 | b | k | |a 11.34 |j Exegese |j Hermeneutik |x Bibel |q DA-3 |0 (DE-627)106404415 |
| 936 | b | k | |a 11.36 |j Biblische Theologie |q DA-3 |0 (DE-627)106404431 |
| 936 | b | k | |a 11.50 |j Kirchengeschichte |j Dogmengeschichte |q DA-3 |0 (DE-627)106403877 |
| 951 | |a BO | ||
| ACO | |a 1 | ||
| BIB | |a 1 | ||
| ELC | |b 1 | ||
| ITA | |a 1 |t 1 | ||
| LOK | |0 000 xxxxxcx a22 zn 4500 | ||
| LOK | |0 001 4129885278 | ||
| LOK | |0 003 DE-627 | ||
| LOK | |0 004 1799601439 | ||
| LOK | |0 005 20220721092403 | ||
| LOK | |0 008 220506||||||||||||||||ger||||||| | ||
| LOK | |0 040 |a DE-21 |c DE-627 |d DE-21 | ||
| LOK | |0 852 |a DE-21 | ||
| LOK | |0 852 1 |c 62 A 3446 |9 00 | ||
| LOK | |0 935 |a theo | ||
| LOK | |0 938 |a 2207 |f 2 | ||
| LOK | |0 939 |a 06-05-22 |b l01 | ||
| LOK | |0 000 xxxxxcx a22 zn 4500 | ||
| LOK | |0 001 4173715455 | ||
| LOK | |0 003 DE-627 | ||
| LOK | |0 004 1799601439 | ||
| LOK | |0 005 20221006231959 | ||
| LOK | |0 008 220729||||||||||||||||ger||||||| | ||
| LOK | |0 040 |a DE-Tue135 |c DE-627 |d DE-Tue135 | ||
| LOK | |0 092 |o n | ||
| LOK | |0 852 |a DE-Tue135 | ||
| LOK | |0 852 1 |9 00 | ||
| LOK | |0 935 |a ixbt | ||
| LOK | |0 936ln |0 144204408X |a HA | ||
| LOK | |0 939 |a 29-07-22 |b l01 | ||
| LOK | |0 000 xxxxxcx a22 zn 4500 | ||
| LOK | |0 001 4583263643 | ||
| LOK | |0 003 DE-627 | ||
| LOK | |0 004 1799601439 | ||
| LOK | |0 005 20250812124719 | ||
| LOK | |0 008 240925||||||||||||||||ger||||||| | ||
| LOK | |0 040 |a DE-Tue135-1 |c DE-627 |d DE-Tue135-1 | ||
| LOK | |0 852 |a DE-Tue135-1 | ||
| LOK | |0 852 1 |m p |9 00 | ||
| LOK | |0 866 |x Bibliography no | ||
| LOK | |0 935 |a inmo | ||
| LOK | |0 938 |k p | ||
| LOK | |0 939 |a 25-09-24 |b l01 | ||
| ORI | |a SA-MARC-ixtheoa001.raw | ||
| REF | |a Alttestamentliche Hermeneutik,Alttestamentliche Theologie,Biblische Hermeneutik,Theologiegeschichte,Theologische Hermeneutik | ||
| SPR | |a 1 |t BIB |t IXT | ||
| STA | 0 | 0 | |a Bible,Exegesis,Hermeneutics,History,History,History in art,Theology,Theology |
| STB | 0 | 0 | |a Exégèse,Herméneutique,Histoire,Histoire,Histoire,Théologie,Théologie |
| STC | 0 | 0 | |a Exegesis,Hermenéutica,Historia,Historia,Historia,Teología,Teología |
| STD | 0 | 0 | |a Ermeneutica,Esegesi,Storia,Storia,Teologia,Teologia |
| STE | 0 | 0 | |a 历史,史,注释,诠释,解经,神学家,诠释学,解释学 |
| STF | 0 | 0 | |a 歷史,史,注釋,詮釋,解經,神學家,詮釋學,解釋學 |
| STG | 0 | 0 | |a Exegese,Hermenêutica,História,História,Teologia,Teologia |
| STH | 0 | 0 | |a Богословие (мотив),Богословие,Герменевтика,История (мотив),История,Экзегетика |
| STI | 0 | 0 | |a Εξηγητική,Ερμηνευτική,Ερμηνευτική,Θεολογία (μοτίβο),Θεολογία,Ιστορία (μοτίβο),Ιστορία |
| SUB | |a BIB | ||
| SYG | 0 | 0 | |a Bible for Today's Family,Contemporary English version bible,CEV,New International Reader's,NIrV,NIV,N.I.V.,New International Version Bible,English Standard Version,ESV,ESV Bible,Holy Bible, English Standard Version,Schlachter-Bibel,Schlachterbibel,Zürcher Bibel,Bibel,Handschrift,Arras,Bibliothèque Municipale,Ms. 559,Saint-Vaast Bible,Vatopediu,Athos, Bibliothek,Cod. 1582,Bibbia di Ripoll,Ripoll Bibel,La bible nouvellement translatée avec annotations,Bibel,Althochdeutsch,Glosse,Basel,Universitätsbibliothek,Cod. N I 3 Nr. 97a,Bibelglossatur M,Basel,Universitätsbibliothek,Cod. N I 3 Nr. 97a,Bibel,Handschrift,Breslau,Universitätsbibliothek,Ms. M 1106,Bibel,Bibel,Bibel,Bibel,Bibel,Bibel,Bibel in gerechter Sprache,Itala,Bibel,Bibel,Bibel,Bibel,King James Version,Authorized Version,Authorised Version,KJV,KJB,King James Bible,King-James-Bibel,Zwingli-Bibel,Zwinglibibel,Zürcher Bibelübersetzung,Bibel,Neues Testament,Lutherbibel,Luther-Bibel,Biblia, das ist, die gantze heilige Schrifft Deudsch,Einheitsübersetzung,Einheitsübersetzung der Heiligen Schrift,Biblia,Heilige Schrift,Bible,Die Bibel,Die Heilige Schrift,La Sainte Bible,La Soncha Scrittüra,Biblia Sacra,La Bible,The Holy Bible,Sveto pismo Staroga i Novoga zaveta,Biblia święta,Biblí svatá,Biblija,La Sacra Bibbia,La Santa Biblia,Die Heiligen Schriften des Alten und Neuen Bundes,Die Heiligen Schriften,Die gantze Heilige Schrifft Deudsch,Die ganze Heilige Schrifft,Kitāb-i muqaddas,al- Kitab al-muqaddas,Seisho,Müqäddäs kitab,Beibel,Bībele , Bibelauslegung,Bibelexegese,Biblische Auslegung,Bibelinterpretation,Biblische Exegese,Schriftauslegung , Christliche Theologie , Schwienhorst, Ludger,1957-,Schwienhorst-Schönberger, L.,1957-,Schönberger, Ludger Schwienhorst-,1957-,Schönberger, Ludger S.-,1957- , Bible for Today's Family,Contemporary English version bible,CEV,New International Reader's,NIrV,NIV,N.I.V.,New International Version Bible,English Standard Version,ESV,ESV Bible,Holy Bible, English Standard Version,Schlachter-Bibel,Schlachterbibel,Zürcher Bibel,Bibel,Handschrift,Arras,Bibliothèque Municipale,Ms. 559,Saint-Vaast Bible,Vatopediu,Athos, Bibliothek,Cod. 1582,Bibbia di Ripoll,Ripoll Bibel,La bible nouvellement translatée avec annotations,Bibel,Althochdeutsch,Glosse,Basel,Universitätsbibliothek,Cod. N I 3 Nr. 97a,Bibelglossatur M,Basel,Universitätsbibliothek,Cod. N I 3 Nr. 97a,Bibel,Handschrift,Breslau,Universitätsbibliothek,Ms. M 1106,Bibel,Bibel,Bibel,Bibel,Bibel,Bibel,Bibel in gerechter Sprache,Itala,Bibel,Bibel,Bibel,Bibel,King James Version,Authorized Version,Authorised Version,KJV,KJB,King James Bible,King-James-Bibel,Zwingli-Bibel,Zwinglibibel,Zürcher Bibelübersetzung,Bibel,Neues Testament,Lutherbibel,Luther-Bibel,Biblia, das ist, die gantze heilige Schrifft Deudsch,Einheitsübersetzung,Einheitsübersetzung der Heiligen Schrift,Biblia,Heilige Schrift,Bible,Die Bibel,Die Heilige Schrift,La Sainte Bible,La Soncha Scrittüra,Biblia Sacra,La Bible,The Holy Bible,Sveto pismo Staroga i Novoga zaveta,Biblia święta,Biblí svatá,Biblija,La Sacra Bibbia,La Santa Biblia,Die Heiligen Schriften des Alten und Neuen Bundes,Die Heiligen Schriften,Die gantze Heilige Schrifft Deudsch,Die ganze Heilige Schrifft,Kitāb-i muqaddas,al- Kitab al-muqaddas,Seisho,Müqäddäs kitab,Beibel,Bībele , Bibelauslegung,Bibelexegese,Biblische Auslegung,Bibelinterpretation,Biblische Exegese,Schriftauslegung , Christliche Theologie , Bible for Today's Family,Contemporary English version bible,CEV,New International Reader's,NIrV,NIV,N.I.V.,New International Version Bible,English Standard Version,ESV,ESV Bible,Holy Bible, English Standard Version,Schlachter-Bibel,Schlachterbibel,Zürcher Bibel,Bibel,Handschrift,Arras,Bibliothèque Municipale,Ms. 559,Saint-Vaast Bible,Vatopediu,Athos, Bibliothek,Cod. 1582,Bibbia di Ripoll,Ripoll Bibel,La bible nouvellement translatée avec annotations,Bibel,Althochdeutsch,Glosse,Basel,Universitätsbibliothek,Cod. N I 3 Nr. 97a,Bibelglossatur M,Basel,Universitätsbibliothek,Cod. N I 3 Nr. 97a,Bibel,Handschrift,Breslau,Universitätsbibliothek,Ms. M 1106,Bibel,Bibel,Bibel,Bibel,Bibel,Bibel,Bibel in gerechter Sprache,Itala,Bibel,Bibel,Bibel,Bibel,King James Version,Authorized Version,Authorised Version,KJV,KJB,King James Bible,King-James-Bibel,Zwingli-Bibel,Zwinglibibel,Zürcher Bibelübersetzung,Bibel,Neues Testament,Lutherbibel,Luther-Bibel,Biblia, das ist, die gantze heilige Schrifft Deudsch,Einheitsübersetzung,Einheitsübersetzung der Heiligen Schrift,Biblia,Heilige Schrift,Bible,Die Bibel,Die Heilige Schrift,La Sainte Bible,La Soncha Scrittüra,Biblia Sacra,La Bible,The Holy Bible,Sveto pismo Staroga i Novoga zaveta,Biblia święta,Biblí svatá,Biblija,La Sacra Bibbia,La Santa Biblia,Die Heiligen Schriften des Alten und Neuen Bundes,Die Heiligen Schriften,Die gantze Heilige Schrifft Deudsch,Die ganze Heilige Schrifft,Kitāb-i muqaddas,al- Kitab al-muqaddas,Seisho,Müqäddäs kitab,Beibel,Bībele , Auslegung , History,Geschichtliche Epoche,Historical development,Historische Entwicklung,Landesgeschichte,Regionalgeschichte,Ortsgeschichte,Zeitgeschichte , Hebrew Bible, critical edition,HBCE,Oxford Hebrew Bible,Biblia Hebraica quinta,BHQ,Biblia Hebraica,Masoretentext,Massoretentext,Masoretischer Text,Biblia Hebraica,Hebräische Bibel,Septuaginta,Septuagint,Altes Testament,Tenach,Testamentum vetus,Vetus testamentum,Erstes Testament,L'Ancien Testament,The Old Testament,Jüdische Bibel,Tanach,Tanakh,Tenakh,Miqra,al-ʿAhd al-ʿatīq,Torah neviʾim ketuvim,Torah neviʾim u-ketuvim,Sefer Torah neviʾim ketuvim,Tôrā nĕvîʾîm û-ḵtûvîm,Die Israelitische Bibel,The Hebrew Bible,Kyûyaku Seisho,Tèstamènt bieu,Antiguo Testamento,Nnom Elat,Bible,O.T.,Bible,Old Testament,תנ"ך,תנך , Christliche Theologie |